000 00283nam a22001097a 4500
082 _aPAM 370.1965 PHI
100 _aPhillips,H.M.
245 _aPLANNING EDUCATIONAL ASSISTANCE FOR THE SECOND DEVELOPMENT DECADE
260 _aPARIS
_bUNESCO
_c1973
300 _a75p.
_b21cm.
942 _cBK
999 _c19882
_d19882